| 000 | 00392nam a2200121Ia 4500 | ||
|---|---|---|---|
| 008 | 181023s9999 xx 000 0 und d | ||
| 020 | _a9781260083682 | ||
| 100 | _aRentz, Kathryn. | ||
| 245 |
_cKathryn Rentz, Paula Lentz.-- _aBusiness communication : _ba problem-solving approach / |
||
| 260 |
_aNew York : _bMcGraw Hill _c2018 |
||
| 300 | _axxv, 615 pages. | ||
| 650 | _aBusiness communication. | ||
| 999 |
_c359327 _d359327 |
||